Informática 9 /
Guardado en:
| Autor Principal: | |
|---|---|
| Formato: | Libro |
| Publicado: |
Buenos Aires :
Santillana ,
2001
|
| Series: | Claves
|
| Materias: | |
| Etiquetas: |
Agregar Etiqueta
Sin Etiquetas, Sea el primero en etiquetar este registro!
|
| LEADER | 01027nam a22002895a 4500 | ||
|---|---|---|---|
| 001 | CEM.cems010654 | ||
| 005 | 20080228083129.0 | ||
| 008 | 130507s2001##################000#0#####d | ||
| 003 | CEMS | ||
| 020 | |a 9504609309 | ||
| 082 | 0 | 4 | |a Z001.64 |
| 100 | 1 | |a Santurio, Wilson R. | |
| 245 | 1 | 0 | |a Informática 9 / |c Wilson R. Santurio |
| 260 | |a Buenos Aires : |b Santillana , |c 2001 | ||
| 300 | |a 96 p. | ||
| 490 | 0 | |a Claves | |
| 500 | |a Para 9º año Egb. | ||
| 505 | 0 | |a Historia de la informática -- Introducción al diseño gráfico por computadora -- Las bases de datos -- Presentaciones multimedias -- Diseño de páginas y sitios web -- Indice analítico. | |
| 653 | |a Informática | ||
| 653 | |a Computación | ||
| 653 | |a Internet | ||
| 653 | |a Bases de datos | ||
| 653 | |a Diseño gráfico | ||
| 653 | |a Computación egb | ||
| 653 | |a Presentaciones multimedia. | ||
| 859 | |a CEMS |b BIB. CEMS - 11 de abril |h Z001.64 |i Sa59 |p 21242.01 |t Ej.1 |v 9° |3 9° | ||
| 859 | |a CEMS |b BIB. CEMS - 11 de abril |h Z001.64 |i Sa59 |p 22278.03 |t Ej.2 |v 9° |3 9° | ||
